000 00373nam a22001217a 4500
082 _a200 THE
100 _aAsfandyar Nasim Khan
_970483
245 _aTH-SOF-1688-Twitter Gender Classification using Convolutional Neural Network
260 _aISLAMABAD
_bNUST COLLEGE OF EME
_c2019
650 _aMS-CSE-15
_970484
700 _aSupervisor Dr. Usman Akram
_969780
942 _cCF
999 _c577462
_d577462